000 00766nam a22002177a 4500
005 20240605163543.0
008 240424b |||||||| |||| 00| 0 eng d
020 _a9788119014446
_cरु 250.00
040 _aMAIN
082 _a891.431721
_bVM459S
100 _4वात्स्यायन, मदन
110 _aरेखा, रश्मि, सम्पा
245 _aशुक्रतारा
260 _aनई दिल्ली
_bवाणी प्रकाशन ग्रुप
300 _a203 पृ
440 _aलोकदय ग्रन्थमाला : ग्रन्थाक 808
650 _aहिन्दी साहित्य
651 _aकविता संग्रह
942 _cHN
999 _c314441
_d314441